Kanały Telewizji Polskiej - Statystyki

Ogólne statystyki
  • Ten quiz został rozwiązany 156 razy
  • Średni wynik to 13 z 24
Statystyki odpowiedzi
Rok roz. nadawania Kanał TVP % Poprawnych
1952 1
95%
1970 2
95%
1994 3
94%
2007 Historia
78%
2014 ABC
74%
2005 Kultura
74%
2007 Info
73%
1993 Polonia
68%
2010 Seriale
65%
2006 Sport
64%
2013 Rozrywka
61%
2021 Kobieta
57%
2008 HD
55%
2021 World
40%
2022 Nauka
38%
2022 Alfa
36%
2020 Dokument
35%
2021 Historia 2
34%
2020 ABC 2
33%
2019 Wilno
32%
2007 Biełsat TV
30%
2020 Kultura 2
30%
2011 Parlament
29%
2018 4K
24%
Nie znaleziono quizów pasujących do podanych kryteriów
Rozkład punktacji
Procent ludzi z każdym wynikiem
Percentyl według liczby udzielonych odpowiedzi
Twoja historia wyników
Nie rozwiązałeś tego quizu